Prénoms de Rois et de Princes - Statistiques

Statistiques générales
  • Ce quiz a été pris 127 fois
    110 depuis la dernière actualisation
  • Le résultat moyen est 11 sur 33
Statistiques - réponses
Réponse % Correct
Louis
96%
Charles
93%
Henri
88%
Philippe
78%
Jean
65%
Clovis
61%
François
60%
Dagobert
38%
Albert
37%
Guillaume
36%
William
35%
Robert
34%
Georges
33%
Hugues
32%
Jacques
31%
Richard
25%
Alexandre
23%
Childéric
23%
Harry
21%
Edward
19%
Pépin
19%
Eudes
18%
Arthur
15%
Lothaire
14%
Clothaire
13%
Ferdinand
13%
Thierry
13%
Raoul
10%
Léopold
9%
Eric
7%
Edgar
2%
Harold
1%
Thibault
1%
Aucun quiz correspondant
Distribution des résultats
% des personnes avec chaque résultat
Percentile par nombre de réponses
Votre historique - résultats
Vous n’avez pas pris ce quiz depuis la dernière actualisation